000 00810nam a2200265Ia 4500
003 GCL
008 140319s9999 xx 000 0 ara d
040 _aGCL /
_cGCL
082 0 4 _aط
_b930
_bم ك
100 1 _aاحمد شفيق الخطيب
245 1 0 _aكتب الفراشة : وادى الرافدين /
_cاحمد شفيق الخطيب
700 1 _aعبدالله أبومدحت
250 _aالاولى
260 _aبيروت :
_bمكتبة لبنان ،
_c1993
300 _a47 ص ؛
_c24 سم
490 _aكتب الفراشة
_v4
650 0 4 _aالاطفال
650 0 4 _aالثقافة
650 0 4 _aالكتب
650 0 4 _aادب الاطفال
650 0 4 _aالتثقيف الذاتى
650 0 4 _aالمعرفة
650 0 4 _aكتب الاطفال
942 _2ddc
_cBK
999 _c32109
_d32109